| 000 | 00575nam a22001577a 4500 | ||
|---|---|---|---|
| 005 | 20251108174725.0 | ||
| 008 | 250721s2007 xx 000 0 eng d | ||
| 082 | 1 | 4 | _aR/382/EXT |
| 245 | 1 | 0 | _aنشرة التجارة الخارجية لمنطقة اللجنة الإقتصادية و الإجتماعية لغربي آسيا / |
| 246 | 1 | 1 | _aExternal Trade Bulletin of The ESCWA Region |
| 264 | 1 |
_aNew York : _bUnited Nations Economic and Social Commission for Western Asia, _c2007. |
|
| 300 | _a113.P | ||
| 650 | 1 | 7 | _aFOREIGN TRADE |
| 942 |
_2ddc _cREF |
||
| 999 |
_c116425 _d116425 |
||